Výběr investic do plánu

V strategickom plánovaní podniku má významné postavenie investičná stratégia. Vo vzťahu k investičnej stratégii rozlišujeme kvantitatívne a kvalitatívne obmedzenie. Výber investičných akcií so zreteľom ku kvantitatívnym obmedzeniam. Vymedzenie variantov. Výber so zreteľom ku kvantitatívnym i kvalita...

Full description

Saved in:
Bibliographic Details
Main Author: Mlčoch, J.
Format: Book Chapter
Language:Czech
Subjects:
Tags: Add Tag
No Tags, Be the first to tag this record!

MARC

LEADER 00000naa a2200000 4500
001 r016676
005 20221205090659.3
041 0 |a cze 
044 |a CZ 
245 1 0 |a Výběr investic do plánu  |c J. Mlčoch 
520 |a V strategickom plánovaní podniku má významné postavenie investičná stratégia. Vo vzťahu k investičnej stratégii rozlišujeme kvantitatívne a kvalitatívne obmedzenie. Výber investičných akcií so zreteľom ku kvantitatívnym obmedzeniam. Vymedzenie variantov. Výber so zreteľom ku kvantitatívnym i kvalitatívnym obmedzeniam. Príklady. 
610 2 0 |a investície 
610 2 0 |a podnik 
610 2 0 |a plánovanie strategické 
610 2 0 |a plán finančný 
610 2 0 |a rozhodovanie 
100 1 |a Mlčoch, J.